| 000 | 00382nam a2200133Ia 4500 | ||
|---|---|---|---|
| 008 | 220217s9999||||xx |||||||||||||| ||und|| | ||
| 020 | _a0-07-058371-4 | ||
| 082 | _a005.1 JAW | ||
| 100 | _aJawadkar, Waman, S | ||
| 245 | 0 | _aSoftware engineering principles and practice | |
| 260 |
_aTata mcgraw hill _bNew Delhi _c2004 |
||
| 300 | _b275 | ||
| 650 |
_aSOFTWARE ENGINEERING _91072 |
||
| 999 |
_c173051 _d173051 |
||